Statistics for Mayors of San Francisco by Picture

Click here to take the quiz!

General Stats

  • This quiz has been taken 3 times
  • The average score is 10 of 32

Answer Stats

Answer% Correct
London Breed
100%
Ed Lee
100%
Gavin Newsom
100%
Willie Brown
100%
Dianne Feinstein
100%
George Moscone
100%
Joseph Alioto
50%
Mark Farrell
50%
Frank Jordan
50%
Art Agnos
50%
John W. Geary
50%
Edward Robeson Taylor
50%
Andrew Jackson Bryant
50%
Washington Bartlett
0%
James Van Ness
0%
Ephraim Willard Burr
0%
Henry Perrin Coon
0%
Thomas Henry Selby
0%
William Alvord
0%
Isaac Smith Kalloch
0%
Maurice C. Blake
0%
Edward B. Pond
0%
George Henry Sanderson
0%
Roger Lapham
0%
Angelo Joseph Rossi
0%
James Rolph
0%
P. H. McCarthy
0%
Cornelius Kingsland Garrison
0%
Eugene Schmitz
0%
James D. Phelan
0%
Adolph Sutro
0%
John F. Shelley
0%

Score Distribution

Percentile by Number Answered

Percent of People with Each Score

Your Score History

You have not taken this quiz